• 首页
  • 本馆介绍
  • 公告通知
  • 最新文献
  • 馆藏检索
  • 电子资源
  • 读者导购
  • 参考咨询
  • 我的图书馆
  • 登录
  • 详细信息显示
  • 放入我的书架
  • 预约/预借图书
  • 作者相关作品
  • 分类相关作品
  • 丛书相关作品
  • 出版社相关作品

书目信息

  • 表格格式
  • 工作单格式
  • 卡片格式
题名:
现代分子光化学
    
 
作者: 图罗 , 拉马穆尔蒂 , 斯卡约诺 著 ;吴骊珠 , 佟振合 , 吴世康 译
分册: 1   原理篇
出版信息: 北京   化学工业出版社  2015.10
页数: 392页
开本: 25cm
丛书名:
单 册:
中图分类: O644.1
科图分类:
主题词: 分子--光化学
电子资源: 9787122231208.jpg     
ISBN: 978-7-122-23120-8
000 01452nam0 2200361 450
001 0120151667945
005 20170605162448.51
010    @a978-7-122-23120-8@b精装@dCNY98.00
092    @aCN@b人天698-2857
100    @a20151010d2015 em y0chiy50 ea
101 1  @achi@ceng
102    @aCN@b110000
105    @aak z 000yy
106    @ar
200 1  @a现代分子光化学@9xian dai fen zi guang hua xue@h1@i原理篇@f(美)N. J.图罗(Nicholas J. Turro),(美)V.拉马穆尔蒂(V. Ramamurthy),(加)J. C.斯卡约诺(J. C. Scaiano)著@g吴骊珠,佟振合,吴世康等译
210    @a北京@c化学工业出版社@d2015.10
215    @a392页@c图@d25cm
305    @a由University Science Books授权出版
312    @a封面英文题名:Modern molecular photochemistry of organic molecules 1
330    @a本书系统总结了光化学与光物理的理论基础,如辐射跃迁、非辐射跃迁、电子组态、电子转移和能量转移等。
333    @a现代分子光化学研究者
510 1  @aModern molecular photochemistry of organic molecules@h1@zeng
606 0  @a分子@x光化学
690    @aO644.1@v5
701  0 @c(美)@a图罗@9tu luo@c(Turro, Nicholas J.)@4著
701  0 @c(美)@a拉马穆尔蒂@9la ma mu er di@c(Ramamurthy, V.)@4著
701  0 @c(加)@a斯卡约诺@9si ka yue nuo@c(Scaiano, J.C.)@4著
702  0 @a吴骊珠@9wu li zhu@4译
702  0 @a佟振合@9tong zhen he@4译
702  0 @a吴世康@9wu shi kang@4译
801  0 @aCN@b人天书店@c20151010
856    @u9787122231208.jpg
905    @b991709-11@dO644.1@e15:1@f3
    
    现代分子光化学.1.原理篇/(美)N. J.图罗(Nicholas J. Turro),(美)V.拉马穆尔蒂(V. Ramamurthy),(加)J. C.斯卡约诺(J. C. Scaiano)著/吴骊珠,佟振合,吴世康等译.-北京:化学工业出版社,2015.10
    392页:图;25cm
    使用对象:现代分子光化学研究者
    
    ISBN 978-7-122-23120-8(精装):CNY98.00
    本书系统总结了光化学与光物理的理论基础,如辐射跃迁、非辐射跃迁、电子组态、电子转移和能量转移等。
●
相关链接 在E读中查询图书 在五车中查询图书 在当当中查询图书 在豆瓣中查询图书


正题名:现代分子光化学     索取号:O644.1/15:1         预约/预借

序号 登录号 条形码 馆藏地/架位号 状态 备注
1 991709   209917090   第二样本阅览室/ [索取号:O644.1/15:1] 在馆    
2 991710   209917107   密集书库—计算机科学学院/ [索取号:O644.1/15:1] 在馆    
3 991711   209917116   第三借阅区/ [索取号:O644.1/15:1] 在馆    
唐山师范学院图书馆 欢迎您!
大连网信软件有限公司© 版权所有